| 000 | 00551nam a2200169 4500 | ||
|---|---|---|---|
| 001 | 111649 | ||
| 003 | ES-MaACL | ||
| 005 | 20230906185334.0 | ||
| 007 | t| | ||
| 008 | 061121s1969 sp r ||||1| spa d | ||
| 245 | 0 | 0 |
_aNarraciones árabes del siglo XX / _cselección, traducción y notas de María Jesús Viguera y Marcelino Villegas. |
| 260 |
_aMadrdi : _bE:M:E:S:A:, _c1969. |
||
| 300 |
_a169 p. ; _c18 cm. |
||
| 700 | 0 |
_aViguera Molins, María Jesús. _9114676 |
|
| 700 | 1 |
_aVillegas, Marcelino. _9115209 |
|
| 852 |
_aES-MaACL _jC-40422 _bR.72196 |
||
| 999 |
_c111649 _d111649 |
||